[Event "AUT-ch U10"]
[Site "St Kanzian"]
[Date "2018.06.01"]
[Round "2.14"]
[White "Feiertag, Jonas"]
[Black "Erian, Paul"]
[Result "1-0"]
[WhiteElo "1074"]
[BlackElo "875"]
[PlyCount "35"]
[EventDate "2018.06.01"]
[EventType "swiss"]
[EventRounds "7"]
[EventCountry "AUT"]
[SourceTitle "EXT 2024"]
[Source "ChessBase"]
[SourceDate "2023.10.10"]
[SourceVersion "1"]
[SourceVersionDate "2023.10.10"]
[SourceQuality "1"]

1. d4 d5 2. c4 c6 3. Nf3 Be6 4. Nc3 Qd6 5. c5 Qd7 6. Bf4 Na6 7. e3 Nf6 8. Be2 Nc7 9. 0-0 0-0-0 10. b4 Na6 11. Bxa6 bxa6 12. a4 Ne4 13. Nxe4 dxe4 14. Ne5 Qe8 15. Qe2 f6 16. Qxa6+ Kb8 17. Nxc6+ Ka8 18. Qxa7# 1-0